[Event "29th Czech Open-Rapid 2018"]
[Site "Pardubice"]
[Date "2018.07.19"]
[Round "7"]
[White "Vorobiov, Evgeny E"]
[Black "Skliarov, Viktor"]
[Result "1/2-1/2"]
[WhiteElo "2563"]
[BlackElo "2384"]
[Annotator "TA"]
[PlyCount "153"]
[EventDate "2018.07.18"]
[EventType "swiss"]
[EventCountry "CZE"]
[SourceTitle "playchess.com"]
[Source "ChessBase"]
[SourceQuality "1"]

{[%evp 29,153,0,0,-29,31,36,47,41,31,8,8,7,95,75,136,139,136,105,99,80,88,124,224,108,84,-19,-27,-33,-25,-17,-19,-77,-64,-60,-37,-131,-77,-146,-8,-17,-17,-13,66,0,8,0,0,-26,0,-8,20,0,0,0,24,20,20,0,19,0,0,0,0,0,0,0,0,0,0,0,0,0,0,-8,-8,-8,-8,-8,-8,-8,-8,-8,-8,-8,0,-8,0,-9,-9,-14,-8,-14,-8,-8,-8,-8,-8,-8,-8,-8,-8,-8,-8,-16,-8,-16,-16,-16,-8,-8,-8,-8,-8,-8,-8,-8,-8,-8,2,-16,-16,-16,-16,-16,-16,-16]} 1. d4 Nf6 2. c4 e6 3. Nf3 b6 4. a3 Bb7 5. Nc3 d5 6. cxd5 Nxd5 7. e3 Be7 8. Bb5+ c6 9. Bd3 O-O 10. e4 Nxc3 11. bxc3 c5 12. O-O cxd4 13. cxd4 Nc6 14. Be3 Rc8 15. Qe2 {E12: Queen's Indian: Unusual White 4th moves, 4 a3, 4 Nc3 Bb7 5 a3 and 4 Nc3 Bb7} Na5 {LiveBook: 31 Games} 16. Rad1 (16. a4 Nc6 17. Ba6 Bxa6 18. Qxa6 Nb4 19. Qxa7 Ra8 20. Qb7 Rb8 21. Qa7 Ra8 22. Qb7 Rb8 {½-½ (22) Bu,X (2699)-Salem,A (2561) Sharjah 2014}) 16... b5 $146 (16... Bxa3 $11 17. d5 exd5) ({Predecessor:} 16... Rc7 17. Bc1 Qc8 18. d5 exd5 19. e5 Nc4 20. Rfe1 Re8 21. Nd4 Bc5 22. Bf5 Qd8 {1-0 (42) Juhasz,B (2164)-Ortel,E (2208) Budapest 2013}) 17. d5 $14 {White is slightly better.} exd5 18. Bxb5 Nc4 19. Bxc4 Rxc4 20. exd5 Ba6 (20... Rc7 $11 {keeps the balance.}) 21. Rfe1 Ra4 (21... Bd6 $142) 22. Qc2 $16 Rc4 23. Qb3 Bd6 24. Bxa7 Qd7 25. Bd4 Ra4 {[#]} (25... f6 $16) 26. Ne5 (26. Ng5 $1 $18) 26... Qb5 27. Qf3 ({Better is} 27. Qe3 $16) 27... Rxd4 $1 $11 28. Rxd4 {Threatens to win with Nc6.} Bxe5 $1 29. Rb4 Qc5 30. Qe3 (30. Rbb1 $1 $11 {remains equal.} Qd6 31. g3) 30... Qxe3 $17 31. Rxe3 Rc8 {[#] ( -> ...Rc1+)} 32. g3 (32. Rb1 $15 f6 33. g3) 32... f6 (32... Rc1+ $142 33. Kg2 f6) 33. Rb6 ({White should play} 33. Rb1) 33... Bc4 (33... Rc1+ $17 34. Kg2 Bf1+ 35. Kf3 Rd1) 34. Rc6 Rxc6 35. dxc6 Kf7 (35... Bb5 $1 $11) 36. c7 (36. a4 $14) 36... Ba6 37. a4 Bxc7 38. Rc3 Ba5 39. Rc5 Bb4 40. Rc6 Bd3 41. Rc7+ Kg6 42. h4 h5 $1 {The position is equal.} 43. Kg2 Kh6 44. Kf3 g5 45. Rc6 Kg6 46. hxg5 Kxg5 47. Ke3 Bf1 48. a5 Bb5 49. Rc8 {aiming for Kd4.} f5 50. Kf3 Ba6 51. Rg8+ Kf6 52. Rh8 Bb7+ 53. Ke3 Bxa5 54. Rxh5 Bb6+ 55. Ke2 Ba6+ 56. Kf3 Bb7+ 57. Ke2 $1 {Black must now prevent Rh6+.} Ba6+ 58. Ke1 {Hoping for Rh6+.} Kg6 59. Rh8 Ba5+ 60. Kd1 {Strongly threatening Ra8.} Bd3 (60... Bb4 {looks sharper.} 61. Ra8 Bb7 62. Ra4 Bf3+ 63. Kc2 Bc5) 61. Ra8 Bb4 62. Rd8 Be4 (62... Bb5 {with more complications.} 63. g4 Be7 64. gxf5+ Kg5 65. Rd4 Bc6) 63. Ke2 Be7 64. Rb8 Kf6 65. Rb5 Ke6 66. f4 Bd6 67. Ke3 Bc6 68. Ra5 Bc7 69. Ra6 Kd5 70. Kf2 Bd6 71. Kg2 Bb5 72. Ra5 Kc6 73. Kh3 Be7 74. Ra1 Be2 75. Kg2 {And now Re1 would win.} Bg4 76. Re1 Bc5 77. Rc1 {Precision: White = 43%, Black = 40%.} 1/2-1/2

[Event "29th Czech Open-Rapid 2018"]
[Site "Pardubice"]
[Date "2018.07.19"]
[Round "7"]
[White "Schlosser, Philipp"]
[Black "Rasik, Vitezslav"]
[Result "1/2-1/2"]
[WhiteElo "2526"]
[BlackElo "2410"]
[Annotator "TA"]
[PlyCount "67"]
[EventDate "2018.07.18"]
[EventType "swiss"]
[EventCountry "CZE"]
[SourceTitle "playchess.com"]
[Source "ChessBase"]
[SourceQuality "1"]

{[%evp 21,67,33,41,0,0,-65,12,6,83,101,102,80,163,149,154,64,67,49,41,51,48,9,14,22,25,11,41,54,47,11,33,21,24,26,10,8,16,12,81,21,18,0,0,0,0,0,0,-39]} 1. Nf3 Nf6 2. c4 g6 3. Nc3 Bg7 4. e4 d6 5. d4 O-O 6. h3 Na6 7. Be3 e5 8. d5 Nh5 9. g3 {E90: King's Indian: Classical: Early deviations and 6 h3} f5 10. exf5 gxf5 11. Nh4 (11. Ng5 Qe8 12. Be2 Nf6 13. Rg1 Kh8 14. Qd2 Nc5 15. g4 Na4 16. Nxa4 Qxa4 17. gxf5 Bxf5 {½-½ (69) Firouzja,A (2570)-Guseinov,G (2654) Nakhchivan 2018}) 11... Nf6 {LiveBook: 5 Games} 12. Qc2 $146 ({Predecessor:} 12. Rg1 Kh8 13. Bd3 e4 14. Be2 Nd7 15. Ng2 Ne5 {0-1 (34) Ladva,O (2443)-Kovalev,A (2513) Pardubice 2016}) 12... Nb4 13. Qd2 {[#]} ({White should play} 13. Qb3 $1 $11 f4 14. Bd2) 13... a5 (13... f4 $1 $15 {[%mdl 512]} 14. gxf4 exf4) 14. O-O-O $11 Bd7 (14... Nd7 $11 15. Bg5 Bf6) 15. a3 $16 Na6 16. Bd3 e4 (16... Ne8 $16 {is a better defense.}) 17. Bc2 $18 Nc5 18. Bh6 ({Better is} 18. g4 $16) 18... Qe7 $14 19. Rde1 Bxh6 20. Qxh6 Qg7 21. Qxg7+ Kxg7 22. f3 {[%cal Rf3e4]} Rae8 23. Rhf1 exf3 {White should prevent ...Rxe1+.} 24. Rxe8 Rxe8 25. Bxf5 Nb3+ 26. Kd1 Nd4 27. Bxd7 Nxd7 28. Nxf3 Rf8 29. Nd2 Rxf1+ 30. Nxf1 Ne5 {The position is equal.} 31. Nd2 Nd3 32. b3 Nf2+ 33. Ke1 Nxh3 34. Kf1 {Precision: White = 38%, Black = 53%.} 1/2-1/2

[Event "29th Czech Open-Rapid 2018"]
[Site "Pardubice"]
[Date "2018.07.19"]
[Round "7"]
[White "Gasanov, Eldar"]
[Black "Geller, Jakov"]
[Result "1/2-1/2"]
[WhiteElo "2514"]
[BlackElo "2515"]
[Annotator "TA"]
[PlyCount "103"]
[EventDate "2018.07.18"]
[EventType "swiss"]
[EventCountry "CZE"]
[SourceTitle "playchess.com"]
[Source "ChessBase"]
[SourceQuality "1"]

{[%evp 11,103,-1,10,10,12,10,23,14,28,14,20,18,23,28,35,28,25,21,43,21,16,0,0,0,0,0,16,-65,-71,-68,-55,-79,-41,-73,-29,-13,-1,-14,-22,-29,0,0,19,6,29,27,47,39,41,4,47,0,93,0,50,0,34,15,31,0,0,-43,49,0,0,-18,-22,-49,-50,-52,-52,-650,-633,-514,-157,-167,-133,-147,0,0,0,0,0,0,0,0,0,0,0,0,0,0,0,0]} 1. e4 c5 2. d3 Nc6 3. g3 e6 4. Bg2 Nf6 5. f4 d5 6. e5 {B20: Sizilianisch} Nd7 {LiveBook: 21 Partien} 7. c4 Nb6 8. b3 f5 $146 ({Vorgänger:} 8... f6 9. Nf3 Be7 10. O-O O-O 11. Bb2 d4 12. exf6 Bxf6 13. Nbd2 a5 {1-0 (45) Movsesian,S (2670)-Lovkov,R (2457) St Petersburg 2007}) 9. Nf3 d4 10. Na3 Be7 11. Nc2 a5 12. a3 Qc7 13. Rb1 O-O 14. O-O Rd8 15. Bd2 Bd7 16. b4 axb4 17. axb4 cxb4 18. Nxb4 Na4 19. Qc2 (19. Nd5 $11 exd5 20. cxd5) 19... Nc3 $1 $15 20. Nxc6 Bxc6 21. Ra1 $1 {[%cal Ra1a8]} Bc5 22. Kh1 Rxa1 23. Rxa1 h6 24. Bxc3 dxc3 25. Qxc3 Qb6 26. Qc2 Qb4 27. h3 Bxf3 28. Bxf3 b6 29. Kg2 Bd4 30. Rb1 Qa3 31. Qb3 Qa5 {[#]} (31... Ra8 $11 {hält das Gleichgewicht.}) 32. Rd1 (32. c5 $1 $16) 32... Bc5 33. g4 g6 34. Kg3 Kg7 35. Qb2 {gxf5 ist eine echte Drohung.} Bd4 36. Qb3 Bc5 ({Besser ist} 36... g5 $15) 37. Qb2 {Droht stark gxf5.} Bd4 38. Qb3 g5 39. fxg5 Qxe5+ 40. Kg2 hxg5 41. Qb5 $2 {[%mdl 8192]} (41. Qb4 $15 Kf6 42. Qe1) 41... Qe3 $19 42. Rf1 Qd2+ $2 (42... Rf8 $19 {Und weiter mit ...fxg4 wäre nett.} 43. Qd7+ Rf7) 43. Kh1 $17 Qxd3 44. Bg2 {[%cal Rg4f5]} Rh8 (44... Bc5 $17 45. Qb2+ Rd4) 45. Qd7+ $1 $11 {Die Stellung ist ausgeglichen.} Kf6 {[#]} 46. Rxf5+ $1 {[%mdl 512]} exf5 47. Qd6+ Kg7 48. Qd7+ Kg6 49. Qd6+ $1 Kg7 50. Qe7+ Kh6 {( -> ...Dd1+)} 51. Qe6+ Kg7 52. Qd7+ {Precision: Weiß = 38%, Schwarz = 27%.} 1/2-1/2

[Event "29th Czech Open-Rapid 2018"]
[Site "Pardubice"]
[Date "2018.07.19"]
[Round "7"]
[White "Mozharov, Mikhail"]
[Black "Balint, Vilmos"]
[Result "1-0"]
[WhiteElo "2495"]
[BlackElo "2226"]
[Annotator "TA"]
[PlyCount "47"]
[EventDate "2018.07.18"]
[EventType "swiss"]
[EventCountry "CZE"]
[SourceTitle "playchess.com"]
[Source "ChessBase"]
[SourceQuality "1"]

{[%evp 20,47,32,18,26,17,15,15,41,31,53,31,89,90,164,177,250,245,290,283,291,285,283,283,287,264,262,259,1189,1176]} 1. d4 e6 2. Nf3 Nf6 3. c4 Bb4+ 4. Bd2 c5 5. Bxb4 cxb4 6. g3 b6 {E11: Bogo-Indian} 7. Qd3 Bb7 8. Nbd2 d6 9. Bg2 Nbd7 10. O-O O-O 11. e4 {LiveBook: 7 Games} e5 $146 ({Predecessor:} 11... Qc7 12. Ne1 e5 13. Nc2 a5 14. Rfd1 Rfe8 15. Rac1 Rac8 16. Ne3 g6 17. f3 Ba6 18. Bh3 {1-0 (46) Gustafsson,J (2634)-Cebalo,M (2493) Reggio Emilia 2009}) 12. Nh4 g6 13. Rad1 Qe7 14. Rfe1 Rfd8 15. Nf1 {[%cal Bd2f1,Bf1e3,Be3d5][%mdl 32]} Nf8 (15... Re8 $14) 16. Ne3 $16 Ne6 {[#]} (16... a5 $16) 17. Nd5 $1 $18 {[%cal Rd5e7]} Bxd5 (17... Nxd5 {was called for.} 18. exd5 Nf4 19. gxf4 Qxh4) 18. exd5 {[%cal Be4d5,Bd5d6][%mdl 32]} Ng7 19. dxe5 dxe5 20. d6 Qe6 {intending ...Rac8.} 21. Bxa8 Rxa8 22. d7 Rd8 23. Qd6 Qg4 $2 {[#]} (23... Rxd7 24. Qxb4 e4) 24. Qxf6 {Precision: White = 64%, Black = 29%.} 1-0

[Event "29th Czech Open-Rapid 2018"]
[Site "Pardubice"]
[Date "2018.07.19"]
[Round "7"]
[White "Zwardon, Vojtech"]
[Black "Potapov, Pavel"]
[Result "1-0"]
[WhiteElo "2486"]
[BlackElo "2585"]
[Annotator "TA"]
[PlyCount "85"]
[EventDate "2018.07.18"]
[EventType "swiss"]
[EventCountry "CZE"]
[SourceTitle "playchess.com"]
[Source "ChessBase"]
[SourceQuality "1"]

{[%evp 9,85,4,13,12,13,13,17,17,60,57,58,52,68,57,94,100,102,107,230,187,254,278,269,260,345,313,511,492,468,318,400,387,379,353,374,103,94,111,359,404,398,386,652,645,645,625,795,540,2476,2490,2308,2231,2418,2744,3014,2696,29967,6145,2842,2640,3006,2703,29983,29983,29984,29983,29983,29982,29981,29982,29968,6032,2565,0,6137,3082,2275,2173]} 1. c4 f5 {[%cal Bf7f5,Bf5e4][%mdl 32]} 2. e4 fxe4 3. d3 Nf6 4. g4 g6 5. g5 Nh5 6. Be2 {A10: Abarten von Holländisch, Damenindisch, Königsindisch (ohne d2-d4)} Ng7 7. dxe4 Nc6 $146 ({Vorgänger:} 7... e5 8. Nc3 Be7 9. h4 O-O 10. Be3 c5 11. Qd5+ Rf7 12. Qxe5 {1-0 (36) Zwardon,V (2399)-Krouzel,J (2125) Pardubice 2014}) 8. h4 {[%cal Bh2h4,Bh4h5][%mdl 32] Die Stellung ist ausgeglichen.} d6 9. h5 {Droht hxg6 und aus.} Rg8 10. Nc3 Ne6 $1 11. Be3 Bg7 {[#]} 12. Nf3 $1 {[%cal Bg1f3,Bf3h4,Bh4g6][%mdl 32]} Ne5 13. Nh4 $36 {[%mdl 2048] Weiss ist am Drücker.} c5 (13... Nf7 $16 {war einen Versuch wert.}) 14. f4 $18 Nc6 (14... Nf7 $142 15. Nf3 (15. hxg6 hxg6 16. Qd2 Bxc3 $16) 15... Bxc3+ 16. bxc3 Bd7) 15. hxg6 hxg6 16. Nxg6 Qa5 17. Bd2 Bxc3 $2 (17... Qb6 18. Rb1 Kd8) 18. Bxc3 Qb6 19. Bh5 Kd8 20. Qd5 Nb4 21. Qd2 Qc6 {[#]} 22. Bxb4 $2 (22. O-O $1 $18 {ist der präzise Gewinnweg.}) 22... Qxe4+ $16 23. Kf2 cxb4 $2 (23... Rxg6 $16 24. Bxg6 Qxg6) 24. Rae1 $18 Qxc4 25. Kg3 Rg7 $2 (25... Bd7 26. Nxe7 (26. f5 Nc5 $16) 26... Kxe7) 26. Bg4 Rxg6 27. Rh8+ Kd7 28. f5 {[%cal Bf4f5,Bf5g6][%mdl 32]} Nc5 {beabsichtigt ...Tg8.} 29. fxg6+ Kc6 30. Bf3+ Kb6 31. Rxe7 Bg4 32. Rh4 Rf8 33. Qxd6+ Ka5 34. Rf7 Qc1 35. Kxg4 Qg1+ 36. Kf5 Qb1+ 37. Re4 Nxe4 38. Bxe4 Qf1+ 39. Qf4 Qh3+ 40. Qg4 (40. Kf6 $142 Qc8 41. g7 Re8 42. Qd6 Qc4 43. Rxb7 Qa6 44. Bc6 Qf1+ 45. Kg6) 40... Qf1+ 41. Qf4 Qh3+ 42. Ke5 Re8+ 43. Kf6 {Precision: Weiß = 80%, Schwarz = 29%.} 1-0

[Event "29th Czech Open-Rapid 2018"]
[Site "Pardubice"]
[Date "2018.07.19"]
[Round "7"]
[White "Sengupta, Deep"]
[Black "Zaitsev, Alexander"]
[Result "1-0"]
[WhiteElo "2482"]
[BlackElo "2335"]
[Annotator "TA"]
[PlyCount "73"]
[EventDate "2018.07.18"]
[EventType "swiss"]
[EventCountry "CZE"]
[SourceTitle "playchess.com"]
[Source "ChessBase"]
[SourceQuality "1"]

{[%evp 23,73,29,35,29,23,13,8,7,24,29,15,6,13,16,10,10,40,44,41,37,80,49,49,49,92,87,89,86,123,80,132,126,147,131,141,0,0,0,0,0,0,0,0,0,0,0,88,112,29988,29989,29995,29996]} 1. e4 e6 2. d4 d5 3. Nc3 Bb4 4. e5 Ne7 5. a3 Bxc3+ 6. bxc3 b6 7. Qg4 Ng6 8. h4 h5 9. Qg3 Ba6 10. Bg5 {C16: French: 3 Nc3 Bb4 4 e5: Lines without ...c5} (10. Bxa6 Nxa6 11. Ne2 Qd7 12. a4 c5 13. O-O Rc8 14. Qd3 Nb8 15. Bg5 Nc6 16. Ng3 Nge7 17. Rfd1 cxd4 18. cxd4 Nf5 19. Nxf5 exf5 {1-0 (68) Hou,Y (2635)-Kramnik,V (2810) Medias 2016}) 10... Qd7 11. Bxa6 Nxa6 12. a4 Nb8 {LiveBook: 9 Games} 13. a5 Nc6 14. axb6 cxb6 15. Ne2 Nce7 $146 ({Predecessor:} 15... Na5 16. O-O Nc4 17. Qd3 a5 {1-0 (26) Klerides,P (2167)-Tetsuya,O Budapest 2004}) 16. Qf3 Nf5 17. g3 Rc8 18. O-O {[%cal Bh1f1,Bf1b1,Bb1b3,Bb3a3][%mdl 32]} Rc7 19. Rfb1 Nge7 20. Nf4 g6 21. Bf6 $36 {[%mdl 2048] Black is under pressure.} Rf8 22. Nh3 Ng8 23. Bg5 Qc6 24. Rb3 Kd7 25. Nf4 Kc8 26. Rba3 a5 (26... Qd7 $142) 27. Rb1 $16 Nge7 28. Nd3 Kd7 29. Bxe7 (29. Qf4 $16) 29... Kxe7 $11 30. Qf4 {Strongly threatening Qg5+.} Rfc8 31. f3 Kf8 32. g4 Ng7 $1 33. Qh6 Kg8 34. Nf4 {Hoping for Nh3.} Qe8 (34... b5 $11 {keeps the balance.} 35. Nh3 b4) 35. gxh5 $16 Nxh5 $2 {[%mdl 8192] [#]} (35... Nf5 $16 36. Qg5 Rxc3 37. hxg6 fxg6) 36. Nxh5 gxh5 37. Kh1 {Precision: White = 68%, Black = 42%.} 1-0

[Event "29th Czech Open-Rapid 2018"]
[Site "Pardubice"]
[Date "2018.07.19"]
[Round "7"]
[White "Zilka, Stepan"]
[Black "Vusatiuk, Vladimir"]
[Result "1-0"]
[WhiteElo "2477"]
[BlackElo "2230"]
[Annotator "TA"]
[PlyCount "115"]
[EventDate "2018.07.18"]
[EventType "swiss"]
[EventCountry "CZE"]
[SourceTitle "playchess.com"]
[Source "ChessBase"]
[SourceQuality "1"]

{[%evp 12,115,21,22,70,74,106,104,96,81,95,98,83,50,59,59,61,56,50,59,81,62,167,75,100,91,124,55,52,53,69,59,78,63,64,61,62,64,73,22,40,28,37,13,23,13,62,50,35,49,64,45,100,64,199,194,219,131,286,83,155,31,27,-20,-10,-102,-76,-137,-24,-239,-239,-237,-224,-260,-260,-257,-250,-236,-87,-221,8,8,33,39,167,166,333,317,197,72,68,0,0,0,178,8,8,8,8,8,8,0,1897,1587,29977,-29995]} 1. d4 d5 {[%cal Bd7d5,Bd5c4][%mdl 32]} 2. c4 e6 3. Nf3 Nf6 4. g3 dxc4 5. Bg2 a6 6. O-O Nc6 7. e3 {LiveBook: 661 Games. E04: Open Catalan: 5 Nf3} Bd6 (7... Rb8 8. Qe2 b5 9. b3 cxb3 10. axb3 Bd6 11. Rd1 Qe7 12. Bb2 O-O 13. Rc1 Bb7 14. Ne5 Nb4 15. Bxb7 Rxb7 {1-0 (52) So,W (2778)-Mamedyarov,S (2808) Leuven 2018}) 8. Nbd2 O-O $146 ({Predecessor:} 8... Na5 9. Ne5 Bxe5 10. dxe5 Nd7 11. b4 cxb3 12. axb3 Nc6 13. f4 Nb6 14. Ba3 Qd3 {0-1 (33) Yevseev,D (2538)-Khusenkhojaev,M (2373) Peterhof 2009}) 9. Nxc4 {White is better.} Bd7 10. Qe2 (10. Nxd6 $6 cxd6 11. b3 Nb4 $11) 10... Qe7 11. e4 (11. Nxd6 $6 cxd6 12. b3 Nb4 $11) 11... e5 12. dxe5 Bxe5 13. Nfxe5 Nxe5 14. Nxe5 Qxe5 15. Bf4 Qa5 16. Qe1 Qh5 ({Better is} 16... Qxe1 $14 17. Rfxe1 c6) 17. Qd1 (17. e5 $1 $18 {[%cal Re5f6] has better winning chances.} g5 18. Bd2 (18. exf6 gxf4 19. Qd2 fxg3 $16)) 17... Bg4 18. Qb3 Be6 19. Qc3 (19. Qxb7 $16 Rab8 20. Qxc7) 19... c6 $14 20. f3 Rad8 21. Rf2 Nd7 22. Bc7 Rc8 23. Bd6 Rfd8 24. g4 Qb5 25. a4 (25. Bf1 $16 Qg5 26. b3) 25... Qc4 26. Qxc4 Bxc4 27. e5 Bd5 28. a5 Nf8 29. f4 $36 {[%cal Bf3f4,Bf4f5][%mdl 2080] White is more active.} Bxg2 30. Kxg2 Ne6 31. Rd1 h6 (31... f6 $14) 32. Kf3 g6 (32... c5 $14) 33. f5 $18 Nc7 34. Ke4 (34. fxg6 $18 fxg6 35. Ke4) 34... Nd5 $2 (34... Kh7 $16) 35. Rd3 $2 (35. fxg6 $18 fxg6 36. Rdf1) 35... g5 {[#]} (35... Kh7 $142) 36. Rb3 (36. h4 $1 $16 {[%mdl 512]}) 36... Rd7 $14 37. h4 Re8 {And now ...Rxd6 would win.} ({Much weaker is} 37... gxh4 $6 38. Rh2 $14) 38. Kd4 (38. Kf3 $11 {remains equal.}) 38... f6 $1 $17 {[%cal Rf6e5]} (38... gxh4 39. Kc5 $16) 39. hxg5 (39. e6 $142 Rxd6 40. Kc5) 39... hxg5 (39... fxe5+ $17 40. Kc5 hxg5) 40. Rh2 $2 (40. e6 $11 {and White has nothing to worry.} Rxd6 41. Kc5) 40... fxe5+ $19 41. Kc5 {White wants to play Rbh3.} Nf6 {Threatens to win with ...Ne4+.} 42. Re2 Red8 (42... Nxg4 43. Rg3 $17) 43. Bxe5 Rd5+ ({Not} 43... Nxg4 44. Bc3 $17) 44. Kc4 Nxg4 (44... Re8 $1 $19 {is more deadly.} 45. Bxf6 Rxe2) 45. Bc3 (45. Bc7 $17 R8d7 46. Rxb7) 45... Rb5 $2 ({Weaker is} 45... Rxf5 46. Rxb7 Rf4+ 47. Kb3 $16) (45... R8d7 $1 $19 46. Re4 Nh6) 46. Rxb5 $11 cxb5+ {[%mdl 4096] Endgame KRB-KRN} 47. Kc5 Kf7 (47... b4 $1 $14 48. Kxb4 Rd5) 48. Kb6 $18 {[%mdl 1024] White has strong compensation.} Rd7 $2 {[#]} (48... Rd5) 49. Rd2 $1 {[%cal Rd2d7]} Re7 {[#] ...Ne3 would now be nice for Black.} 50. Rd6 (50. Bb4 $1 $18 {[%cal Rb4e7] and the rest is easy.} Re4 51. Bc5) 50... Ne3 $16 51. Rf6+ (51. b3 $14) 51... Ke8 $11 52. Rg6 {aiming for Rg8+.} Nxf5 $2 (52... b4 $11 {and Black stays safe.} 53. Bxb4 Nd5+ 54. Kc5 Nxb4 55. Kxb4 Re4+ 56. Kc3 Re5) 53. Rg8+ $2 ({White has to play} 53. Rxg5 $18 Nd6 54. Rg8+ Kd7 55. Bb4) 53... Kd7 54. Kxb7 Nd6+ 55. Kxa6 {Strongly threatening Bb4.} Kc6 $1 56. Bb4 Re2 $2 {[%mdl 8192]} (56... Re8 $11 57. Rxe8 Nxe8) 57. Rg6 $18 Re8 58. Rg8 $4 {[%mdl 40960] Precision: White = 30%, Black = 21%. . Loss on Time!?} (58. Rxd6+ {is the narrow road to win.} Kc7 59. Rg6 g4 60. Kxb5 Rb8+ 61. Kc4 Kd7 62. a6 Rh8 63. Rxg4) 1-0

[Event "29th Czech Open-Rapid 2018"]
[Site "Pardubice"]
[Date "2018.07.19"]
[Round "7"]
[White "Zakhartsov, Viacheslav V"]
[Black "Bernadskiy, Vitaliy"]
[Result "0-1"]
[WhiteElo "2475"]
[BlackElo "2631"]
[Annotator "TA"]
[PlyCount "72"]
[EventDate "2018.07.18"]
[EventType "swiss"]
[EventCountry "CZE"]
[SourceTitle "playchess.com"]
[Source "ChessBase"]
[SourceQuality "1"]

{[%evp 17,72,46,55,29,60,43,91,81,82,78,93,0,0,0,0,-58,0,-53,-50,-57,-47,-30,-22,-20,-33,-112,-115,-125,-122,-91,0,-89,-55,-58,-49,-261,-258,-256,-302,-548,-541,-924,-887,-29992,-29993,-29993,-29991,-29992,-29993,-29993,-29994,-29994,1816,-29995,-29996,-29996,-29997]} 1. d4 Nf6 2. Nf3 b6 3. c4 Bb7 4. Nc3 e6 5. a3 g6 6. Qc2 Bg7 7. e4 d6 8. Bd3 {E12: Damenindisch (Petrosjan-System und 4. oder 5.Lg5)} O-O 9. O-O Nbd7 {LiveBook: 20 Partien} 10. Rb1 $146 {Weiß steht etwas besser.} ({Vorgänger:} 10. b4 c5 11. bxc5 dxc5 12. d5 Ng4 13. Bb2 Nde5 14. Be2 Nxf3+ 15. Bxf3 Ne5 {1-0 (36) Sokolov,I (2650)-Efimenko,Z (2648) Dubai 2014}) 10... Nh5 11. Bg5 f6 {[%cal Bf7f6,Bf6f5,Bf5f4,Bf4f3][%mdl 32]} 12. Bd2 {zielt auf g4 ab.} e5 13. d5 Bc8 14. g3 ({Günstiger ist} 14. Qd1 $16) 14... Nc5 $11 15. Be2 f5 $1 16. Ng5 (16. Bg5 $11 Nf6 17. Nd2) 16... h6 (16... Bf6 $15 17. b4 Bxg5 18. bxc5 Bxd2 19. Qxd2 Nf6) 17. b4 ({Lieber} 17. Bxh5 $11 gxh5 18. Nf3) 17... hxg5 $15 18. bxc5 f4 19. cxd6 f3 20. Bd3 {Und dxc7 würde nun gewinnen.} cxd6 21. Rfe1 {[#]} ({Besser ist} 21. Rfc1 $15) 21... Bh3 $1 $17 22. Nd1 Nf4 23. Ne3 Qf6 (23... Rf7 $17) 24. Bc3 (24. a4 $1 $11) 24... Ng2 25. Nxg2 Bxg2 26. a4 $2 (26. c5 $15 dxc5 27. Qa4) 26... Kf7 $19 27. Bf1 {[#]} Bxf1 $1 28. Rxf1 $2 (28. Kxf1 Rh8 29. Re3) 28... Rh8 29. Rfe1 {Weiss plant a5.} g4 30. Qb3 {[#]} Rxh2 $3 {[%mdl 512]} 31. Kxh2 Rh8+ 32. Kg1 Qg5 33. Qb5 {[#]} Rh1+ $3 {[%mdl 512]} 34. Kxh1 Qh5+ 35. Kg1 Qh3 {[%csl Gf3][%cal Rh3g2]} 36. Qd7+ Kg8 {Precision: Weiß = 30%, Schwarz = 78%.} 0-1

[Event "29th Czech Open-Rapid 2018"]
[Site "Pardubice"]
[Date "2018.07.19"]
[Round "7"]
[White "Kobo, Ori"]
[Black "Deepan, Chakkravarthy J"]
[Result "0-1"]
[WhiteElo "2456"]
[BlackElo "2499"]
[Annotator "TA"]
[PlyCount "58"]
[EventDate "2018.07.18"]
[EventType "swiss"]
[EventCountry "CZE"]
[SourceTitle "playchess.com"]
[Source "ChessBase"]
[SourceQuality "1"]

{[%evp 20,58,24,19,14,0,0,2,0,8,12,-8,-19,-74,-84,-89,-82,-88,-89,-97,-93,-119,-110,-110,-101,-87,-88,-94,-89,-239,-119,-317,-305,-410,-386,-1388,-1333,-1291,-1149,-1479,-1326]} 1. Nf3 Nf6 2. c4 e6 3. g3 d5 4. Bg2 d4 5. O-O c5 6. d3 Nc6 7. e3 {A09: Réti Opening: 1 Nf3 d5 2 c4} Be7 8. exd4 cxd4 9. Re1 (9. b3 O-O 10. Na3 e5 11. Nc2 Nd7 12. a3 a5 13. Rb1 Nc5 14. b4 axb4 15. axb4 Na4 16. Bd2 {0-1 (47) Wei,Y (2739)-Karjakin,S (2760) Medias 2017}) 9... O-O 10. Na3 h6 11. Nc2 {LiveBook: 4 Games} Re8 12. b3 $146 ({Predecessor:} 12. Rb1 a5 13. b3 Bb4 14. Bd2 e5 15. a3 Bxd2 16. Nxd2 {0-1 (53) Ram,S (2197)-Deepan Chakkravarthy,J (2516) Bhubaneswar 2018}) 12... Bf8 13. Ba3 Bxa3 14. Nxa3 e5 15. b4 Nxb4 16. c5 (16. Rxe5 $11 {remains equal.} Rxe5 17. Nxe5) 16... Bg4 $17 17. Nc4 {[#]} Nxd3 $1 {[%mdl 512]} 18. Qxd3 e4 $36 {[%mdl 2048] Black is really pushing.} 19. Qb3 {Black must now prevent Nfd2.} exf3 20. Bxf3 Rxe1+ 21. Rxe1 Bxf3 22. Qxf3 Qc7 23. Qa3 Rc8 24. Re5 (24. Qxa7 $17 Qxc5 25. Qxc5 Rxc5 26. Ne5) 24... Rd8 (24... b6 $19 {[%cal Rb6c5] has better winning chances.} 25. Qd3 bxc5) 25. Nd6 $2 {[#]} (25. Qd3 $17 {was necessary.}) 25... b6 $19 {[%cal Bb7b6,Bb6c5,Bc5c4][%mdl 32]} 26. Rf5 bxc5 27. Rxf6 $2 (27. Nc4 Rd5 28. Qd3) 27... Rxd6 {Black is clearly winning.} 28. Rf5 c4 29. Rc5 Rc6 {Precision: White = 23%, Black = 72%.} 0-1